000 00291nam a22001217a 4500
008 180906b xxu||||| |||| 00| 0 eng d
041 _aeng
080 _a574
100 _a9
101 _aMJE
245 _aSystems Approach To Animal Health And Production
_cKnappW,F
942 _2udc
_cBK
999 _c47567
_d47567